000 00365nam a2200145 i 4500
001 bg
245 0 _aDobór młodzieży na stacjonarne studia wyższe /
_cpod red. nauk.
260 _aWarszawa,
_c1986.
700 1 _aOsiński, Jan.
_eRed. nauk
040 _cBPK
041 _apol
080 _a378(438)
942 _cKS
008 s pl f |000 0 pol
999 _c28383
_d28383
856 _uhttp://koha.tu.koszalin.pl/cgi-bin/koha/opac-detail.pl?biblionumber=28383
_yKatalog online BPK